|
|
|
|
| LEADER |
01322cas a2200277 a 4500 |
| 001 |
AALejournalIMF001446 |
| 008 |
230101c9999 xx r poo 0 0eng d |
| 020 |
|
|
|c 15.00 USD
|
| 020 |
|
|
|z 9780939934522
|
| 022 |
|
|
|a 0251-6365
|
| 040 |
|
|
|a BD-DhAAL
|c BD-DhAAL
|
| 100 |
1 |
|
|a Kincaid, G.
|
| 245 |
1 |
0 |
|a Recent Developments in External Debt Restructuring /
|c G. Kincaid, K. Dillon, Maxwell Watson, Chanpen Puckahtikom.
|
| 264 |
|
1 |
|a Washington, D.C. :
|b International Monetary Fund,
|c 1985.
|
| 300 |
|
|
|a 1 online resource (75 pages)
|
| 490 |
1 |
|
|a Occasional Papers
|
| 500 |
|
|
|a <strong>Off-Campus Access:</strong> No User ID or Password Required
|
| 500 |
|
|
|a <strong>On-Campus Access:</strong> No User ID or Password Required
|
| 506 |
|
|
|a Electronic access restricted to authorized BRAC University faculty, staff and students
|
| 520 |
3 |
|
|a This paper, following two earlier studies, reviews the arrangements for restructuring commercial bank and official debt up to early 1985.
|
| 538 |
|
|
|a Mode of access: Internet
|
| 700 |
1 |
|
|a Dillon, K.
|
| 700 |
1 |
|
|a Puckahtikom, Chanpen.
|
| 700 |
1 |
|
|a Watson, Maxwell.
|
| 830 |
|
0 |
|a Occasional Papers; Occasional Paper ;
|v No. 1985/008
|
| 856 |
4 |
0 |
|z Full text available on IMF
|u http://elibrary.imf.org/view/books/084/05573-9780939934522-en/05573-9780939934522-en-book.xml
|z IMF e-Library
|